Polscy piłkarze za granicą - Statystyki

Ogólne statystyki
  • Ten quiz został rozwiązany 1 269 razy
    1 245 od ostatniego zresetowania
  • Średni wynik to 32 z 54
Statystyki odpowiedzi
Klub Piłkarz % Poprawnych
Bayern Monachium Robert Lewandowski
96%
West Ham United Łukasz Fabiański
94%
Juventus Wojciech Szczęsny
93%
Fc Southampton Jan Bednarek
92%
(PSG) Lokomotiv Moskwa Grzegorz Krychowiak
90%
As Monaco Kamil Glik
90%
Hull City Kamil Grosicki
90%
SSC Napoli Piotr Zieliński
90%
SSC Napoli Arkadiusz Milik
89%
Borussia Dortmund Łukasz Piszczek
87%
AC Milan Krzysztof Piątek
86%
Leeds Mateusz Klich
82%
Lokomotiv Moskwa Maciej Rybus
81%
Bournemouth Artur Boruc
79%
UC Sampdoria Bartosz Bereszyński
78%
(Sampdoria) Fortuna Düsseldorf Dawid Kownacki
74%
UC Sampdoria Karol Linetty
74%
(*OH Leuven) Leicester City Bartosz Kapustka
70%
(Charlton) Arsenal Krystian Bielik
70%
Dynamo Kijów Tomasz Kędziora
67%
(Liverpool) Aarhus GF Kamil Grabara
64%
FC Bologna Łukasz Skorupski
63%
Chicago Fire Przemysław Frankowski
63%
SPAL Thiago Cionek
62%
Chongqing Dangdai Lifan Adrian Mierzejewski
61%
MKE Ankaragücü Michał Pazdan
61%
Dinamo Zagrzeb Damian Kądzior
59%
Atalanta Arkadiusz Reca
58%
Ludogorets Jacek Góralski
58%
(Fiorentina) FC Empoli Bartłomiej Drągowski
57%
Bröndby IF Kamil Wilczek
57%
Udinese Calcio Łukasz Teodorczyk
55%
Union Berlin Rafał Gikiewicz
55%
(Stuttgart) Fortuna Düsseldorf Marcin Kamiński
54%
Chievo Verona Mariusz Stępiński
54%
Ipswich Bartosz Białkowski
53%
PAOK Saloniki Karol Świderski
52%
Qarabag Agdam Jakub Rzeźniczak
47%
QPR Paweł Wszołek
44%
Akhmat Grozny Damian Szymański
43%
(Benfika) Hellas Verona Paweł Dawidowicz
42%
(Crystal Palace) Sheriff Tyraspol Jarosław Jach
40%
(SC Amiens) FC Midtjylland Rafał Kurzawa
39%
FC Girondins Bordeaux Igor Lewczuk
35%
(SPAL) Frosinone Bartosz Salamon
34%
Ludogorets Jakub Świerczok
34%
FC St. Pauli Waldemar Sobota
33%
FC Cincinnati Przemysław Tytoń
31%
KRC Genk Jakub Piotrowski
27%
Chievo Verona Paweł Jaroszyński
27%
Bolton Paweł Olkowski
24%
HNK Gorica Łukasz Zwoliński
17%
US Palermo Radosław Murawski
15%
Rostov Maciej Wiliusz
3%
Nie znaleziono quizów pasujących do podanych kryteriów
Rozkład punktacji
Procent ludzi z każdym wynikiem
Percentyl według liczby udzielonych odpowiedzi
Twoja historia wyników
Nie rozwiązałeś tego quizu od ostatniego zresetowania